000 00465nam a2200181 a 4500
001 3787
005 20140414131908.0
008 061012s19uu xx 00 eng d
020 _a0-316-10958-4
050 _aER
_bAr1 1993
100 _aBrown, Marc
245 _aArthur's family vacation /
_cMarc Brown.
260 _aBoston :
_bLittle Brown,
_c1993.
300 _ap. ; cm.
650 _aVacation
_xfiction.
650 _aChildren stories.
999 _c111058
_d111058